[Event "CAN-op U1800"]
[Site "Sault Ste Marie CAN"]
[Date "2017.07.13"]
[Round "5.50"]
[White "Vo, Andy"]
[Black "Sztuka, Jeremy"]
[Result "0-1"]
[WhiteElo "1512"]
[BlackElo "1526"]
[WhiteFideId "-1"]
[WhiteFideId "-1"]
[PlyCount "130"]
[GameId "2160767908344148"]
[EventDate "2017.07.08"]
[EventType "swiss"]
[EventRounds "9"]
[EventCountry "CAN"]
[SourceTitle "hb 2017"]

1. e4 b6 2. d4 Bb7 3. Bd3 e6 4. Nf3 c5 5. c3 Nf6 6. Qe2 Be7 7. O-O cxd4 8. cxd4 Nc6 9. a3 O-O 10. Rd1 h6 11. h3 Qc7 12. Nbd2 d6 13. b4 e5 14. d5 Nd4 15. Nxd4 exd4 16. Bb2 Rfe8 17. Rac1 Qd8 18. Bb5 Nd7 19. Qg4 Ne5 20. Qe2 Nd7 21. Nb3 a6 22. Bd3 Bf6 23. Re1 Bxd5 24. exd5 Rxe2 25. Rxe2 Ne5 26. Bb1 Rc8 27. Rxc8 Qxc8 28. Rc2 Qb7 29. Nxd4 g6 30. Nc6 Kg7 31. Bxe5 Bxe5 32. Nxe5 dxe5 33. Rd2 Qc7 34. Rd1 Qc3 35. d6 Qb3 36. Re1 Qd5 37. d7 Qxd7 38. Be4 Qd2 39. Re3 Qb2 40. Bb7 a5 41. bxa5 bxa5 42. Ba6 f5 43. g3 g5 44. Bf1 e4 45. Kg2 Kf6 46. a4 Ke5 47. Bb5 f4 48. gxf4+ gxf4 49. Re1 e3 50. Be2 exf2 51. Kxf2 Qd4+ 52. Kf1 Kf6 53. Bb5 Kg5 54. Kg2 Kh4 55. Rf1 Qg7+ 56. Kh1 Qg3 57. Bd7 Qe3 58. Kh2 Qd2+ 59. Kg1 Qxd7 60. Rxf4+ Kxh3 61. Rf3+ Kg4 62. Kg2 Qd5 63. Kh2 Qxf3 64. Kg1 Qe2 65. Kh1 Kg3 0-1

[Event "CAN-op U1800"]
[Site "Sault Ste Marie CAN"]
[Date "2017.07.13"]
[Round "5.51"]
[White "Sharma, Vishruth"]
[Black "Piche, Zachary"]
[Result "1-0"]
[WhiteElo "1719"]
[BlackElo "1456"]
[WhiteFideId "-1"]
[WhiteFideId "-1"]
[PlyCount "111"]
[GameId "2160767908344149"]
[EventDate "2017.07.08"]
[EventType "swiss"]
[EventRounds "9"]
[EventCountry "CAN"]
[SourceTitle "hb 2017"]

1. e4 c5 2. Nf3 d6 3. d4 cxd4 4. Nxd4 Nf6 5. Nc3 a6 6. f3 e5 7. Nb3 Be6 8. Bg5 Be7 9. Bxf6 Bxf6 10. Nd5 Qd7 11. Nb6 Qc6 12. Nxa8 O-O 13. Bd3 Nd7 14. O-O Rxa8 15. Kh1 d5 16. Qe2 dxe4 17. Qxe4 Qxe4 18. Bxe4 Rb8 19. Rad1 b5 20. Rd2 Nb6 21. Na5 Nc4 22. Nxc4 bxc4 23. b3 cxb3 24. cxb3 Bg5 25. Rd6 a5 26. Rfd1 g6 27. Ra6 Rb5 28. Bd3 Rc5 29. Bc4 Bxc4 30. bxc4 Rxc4 31. Rxa5 Rh4 32. g3 Rb4 33. Rxe5 f6 34. Ra5 Rb2 35. f4 Bh6 36. Rd7 Rb1+ 37. Kg2 Rb2+ 38. Kh3 Bf8 39. Ra8 g5 40. Rdd8 gxf4 41. Rxf8+ Kg7 42. gxf4 Rf2 43. Kg3 Re2 44. Rfe8 Rd2 45. Re3 Rd1 46. a4 Ra1 47. a5 Ra4 48. a6 Ra5 49. a7 Ra6 50. Re7+ Kg6 51. Rg8+ Kh6 52. a8=Q Rxa8 53. Rxa8 Kg6 54. Ra5 h6 55. Kh4 f5 56. Ra6# 1-0

[Event "CAN-op U1800"]
[Site "Sault Ste Marie CAN"]
[Date "2017.07.13"]
[Round "6.33"]
[White "Belanger, Robin"]
[Black "Itkin, Victor"]
[Result "0-1"]
[WhiteElo "1439"]
[BlackElo "1761"]
[WhiteFideId "-1"]
[WhiteFideId "-1"]
[PlyCount "70"]
[GameId "2160767908344150"]
[EventDate "2017.07.08"]
[EventType "swiss"]
[EventRounds "9"]
[EventCountry "CAN"]
[SourceTitle "hb 2017"]

1. e4 c5 2. Nc3 e6 3. Nf3 Nf6 4. e5 Nd5 5. Nxd5 exd5 6. d4 Nc6 7. c3 a6 8. Qb3 c4 9. Qc2 d6 10. Bg5 Be7 11. Bxe7 Qxe7 12. O-O-O dxe5 13. Nxe5 Nxe5 14. Re1 O-O 15. Rxe5 Be6 16. Qe2 Qf6 17. g3 Rfd8 18. Bg2 b5 19. Re1 h6 20. f4 Rd6 21. h4 Rad8 22. f5 Bxf5 23. Qh5 Bg6 24. Qg4 Bd3 25. Bf3 a5 26. Re8+ Kh7 27. Rxd8 Qxd8 28. Re5 b4 29. Qf4 Qb6 30. Rxd5 Rxd5 31. Bxd5 bxc3 32. Be4+ Kg8 33. Bxd3 Qxb2+ 34. Kd1 cxd3 35. Qe3 c2+ 0-1

[Event "CAN-op U1800"]
[Site "Sault Ste Marie CAN"]
[Date "2017.07.13"]
[Round "6.34"]
[White "Crnilovic, Grisha"]
[Black "Armstrong, Robert J"]
[Result "1-0"]
[WhiteElo "1617"]
[BlackElo "1503"]
[WhiteFideId "-1"]
[WhiteFideId "-1"]
[PlyCount "72"]
[GameId "2160767908344151"]
[EventDate "2017.07.08"]
[EventType "swiss"]
[EventRounds "9"]
[EventCountry "CAN"]
[SourceTitle "hb 2017"]

1. e4 g6 2. d4 Bg7 3. Nf3 c5 4. d5 d6 5. Nc3 Qa5 6. Bd2 Qb4 7. Nb5 Qxe4+ 8. Qe2 Qxe2+ 9. Bxe2 Na6 10. Rb1 Nf6 11. c4 O-O 12. Nc3 Bf5 13. Rc1 Nb4 14. O-O Nd3 15. Rb1 Ng4 16. Nh4 Ndxf2 17. Nxf5 gxf5 18. h3 Bd4 19. Be1 Nxh3+ 20. Kh1 Ngf2+ 21. Kh2 Be5+ 22. g3 f4 23. gxf4 Bxf4+ 24. Kg2 Kh8 25. Bxf2 Nxf2 26. Kxf2 Rg8 27. Rh1 Rg3 28. Ne4 Re3 29. Bf3 Rg8 30. Rbg1 f5 31. Rxg8+ Kxg8 32. Ng3 Re5 33. Nh5 Be3+ 34. Kg3 Bd4 35. Rh2 Re1 36. Rg2 Be5+ 1-0

[Event "CAN-op U1800"]
[Site "Sault Ste Marie CAN"]
[Date "2017.07.13"]
[Round "6.35"]
[White "Inkpen, Wane"]
[Black "Sadler, Kirk"]
[Result "1-0"]
[WhiteElo "1696"]
[BlackElo "1422"]
[WhiteFideId "-1"]
[WhiteFideId "-1"]
[PlyCount "56"]
[GameId "2160767908344152"]
[EventDate "2017.07.08"]
[EventType "swiss"]
[EventRounds "9"]
[EventCountry "CAN"]
[SourceTitle "hb 2017"]

1. d4 e6 2. Nf3 Nf6 3. e3 c5 4. Bd3 d5 5. b3 b6 6. Qe2 Bd6 7. O-O O-O 8. Bb2 Nc6 9. a3 Ne4 10. c4 Re8 11. Qc2 f5 12. Nc3 a6 13. cxd5 exd5 14. dxc5 Bxc5 15. Nxd5 Nxf2 16. Rxf2 Kh8 17. Qc3 Ra7 18. b4 Qxd5 19. Bc4 Qe4 20. Ng5 Qxe3 21. bxc5 Qxg5 22. cxb6 Rae7 23. Raf1 Bb7 24. Rxf5 Qxg2+ 25. Kxg2 Nd4+ 26. Kg1 Nf3+ 27. R5xf3 Bxf3 28. Qxf3 h6 1-0

[Event "CAN-op U1800"]
[Site "Sault Ste Marie CAN"]
[Date "2017.07.13"]
[Round "6.36"]
[White "Sadler, Craig"]
[Black "McGilly, Craig"]
[Result "1-0"]
[WhiteElo "1642"]
[BlackElo "1524"]
[WhiteFideId "-1"]
[WhiteFideId "-1"]
[PlyCount "71"]
[GameId "2160767908344153"]
[EventDate "2017.07.08"]
[EventType "swiss"]
[EventRounds "9"]
[EventCountry "CAN"]
[SourceTitle "hb 2017"]

1. e4 c5 2. Nf3 d6 3. d4 cxd4 4. Nxd4 Nf6 5. f3 a6 6. c4 e5 7. Nb3 Be6 8. Nc3 Be7 9. Be2 Qb6 10. Nd5 Nxd5 11. cxd5 Bd7 12. Qd3 Bh4+ 13. g3 Be7 14. Be3 Qd8 15. O-O Bh3 16. Rfe1 O-O 17. Bf1 Bc8 18. f4 f5 19. Bg2 exf4 20. Bxf4 fxe4 21. Bxe4 g6 22. Bh6 Rf6 23. Rf1 Nd7 24. Rxf6 Bxf6 25. Rf1 Ne5 26. Qc2 Bh3 27. Rf4 Rc8 28. Qb1 Bg7 29. Rh4 Qb6+ 30. Kh1 Bd7 31. Bxg7 Kxg7 32. Qd1 Rf8 33. Qd2 Qf2 34. Qh6+ Kf7 35. Rf4+ Ke8 36. Qxf8# 1-0

[Event "CAN-op U1800"]
[Site "Sault Ste Marie CAN"]
[Date "2017.07.13"]
[Round "6.37"]
[White "Faust, Steven"]
[Black "Toussaint, Claude"]
[Result "1/2-1/2"]
[WhiteElo "1602"]
[BlackElo "1516"]
[WhiteFideId "-1"]
[WhiteFideId "-1"]
[PlyCount "104"]
[GameId "2160767908344154"]
[EventDate "2017.07.08"]
[EventType "swiss"]
[EventRounds "9"]
[EventCountry "CAN"]
[SourceTitle "hb 2017"]

1. Nf3 d5 2. g3 Bg4 3. Bg2 Nf6 4. d4 Nbd7 5. O-O e6 6. Nbd2 Bd6 7. c4 c6 8. Re1 O-O 9. c5 Bc7 10. a3 a5 11. Nf1 h6 12. Ne3 Bh5 13. Bd2 Re8 14. Rc1 Bg6 15. Bc3 e5 16. dxe5 Nxe5 17. Bxe5 Bxe5 18. Nxe5 Rxe5 19. b4 axb4 20. axb4 Re8 21. Qd4 Ra4 22. Ra1 Ra8 23. Rxa8 Qxa8 24. Ng4 Nxg4 25. Qxg4 Qc8 26. Qxc8 Rxc8 27. Rd1 Re8 28. e3 Bh5 29. Rd4 Ra8 30. h4 Ra1+ 31. Kh2 Ra2 32. g4 Bg6 33. Kg3 Rc2 34. f4 f6 35. f5 Bf7 36. h5 Rc4 37. Bf3 Kf8 38. Be2 Rc1 39. Kf2 Ke7 40. Bf3 Rc4 41. Rxc4 dxc4 42. Ke1 Kd7 43. Kd2 Bd5 44. e4 Bf7 45. Kc3 Kc7 46. Be2 b5 47. cxb6+ Kxb6 48. Bxc4 Be8 49. Be6 c5 50. Ba2 Ba4 51. Bb3 Bc6 52. Bd5 Ba4 1/2-1/2

[Event "CAN-op U1800"]
[Site "Sault Ste Marie CAN"]
[Date "2017.07.13"]
[Round "6.38"]
[White "White, Chris"]
[Black "Thomson, Bruce"]
[Result "0-1"]
[WhiteElo "1720"]
[BlackElo "1371"]
[WhiteFideId "-1"]
[WhiteFideId "-1"]
[PlyCount "84"]
[GameId "2160767908344155"]
[EventDate "2017.07.08"]
[EventType "swiss"]
[EventRounds "9"]
[EventCountry "CAN"]
[SourceTitle "hb 2017"]

1. d4 Nf6 2. c4 g6 3. Nc3 d5 4. cxd5 Nxd5 5. e4 Nxc3 6. bxc3 Bg7 7. Bc4 c5 8. Ne2 Nc6 9. Be3 cxd4 10. cxd4 Qa5+ 11. Bd2 Qa3 12. e5 e6 13. O-O O-O 14. Rb1 Qe7 15. f4 Qd7 16. Be3 a6 17. Qd2 b5 18. Bb3 Ne7 19. Rfd1 Bb7 20. Nc3 Rfd8 21. Qd3 Nd5 22. Rbc1 Rac8 23. Rd2 Bf8 24. Bxd5 Bxd5 25. Rdc2 Bc4 26. Qd1 Bb4 27. Ne4 Be7 28. Bf2 Qb7 29. Nd2 Bd5 30. Nf3 Rxc2 31. Rxc2 Rc8 32. Rxc8+ Qxc8 33. a4 Qb7 34. axb5 axb5 35. Be1 Bxf3 36. gxf3 Qd5 37. Kf2 b4 38. Ke3 Qa2 39. Qd2 Qa3+ 40. Ke2 b3 41. Kd3 b2+ 42. Kc2 Qa2 0-1

[Event "CAN-op U1800"]
[Site "Sault Ste Marie CAN"]
[Date "2017.07.13"]
[Round "6.39"]
[White "Schmiege, Glen"]
[Black "Benggawan, Undriadi"]
[Result "1-0"]
[WhiteElo "1721"]
[BlackElo "1639"]
[WhiteFideId "-1"]
[WhiteFideId "-1"]
[PlyCount "117"]
[GameId "2160767908344156"]
[EventDate "2017.07.08"]
[EventType "swiss"]
[EventRounds "9"]
[EventCountry "CAN"]
[SourceTitle "hb 2017"]

1. d4 g6 2. c4 Bg7 3. Nc3 c5 4. d5 Bxc3+ 5. bxc3 f5 6. Nf3 Nf6 7. Qc2 d6 8. e3 Nbd7 9. Bd3 Qa5 10. O-O Nb6 11. Bd2 e5 12. dxe6 Bxe6 13. Qb3 O-O-O 14. Ng5 Bg8 15. Qb5 Qxb5 16. cxb5 c4 17. Be2 h6 18. Nf3 Be6 19. Nd4 Bd7 20. a4 Ne4 21. Rfd1 d5 22. a5 Na8 23. Be1 Nc7 24. b6 Nb5 25. Nxb5 Bxb5 26. bxa7 Kc7 27. f3 Nf6 28. Bg3+ Kc6 29. Bb8 Rxb8 30. axb8=Q Rxb8 31. Rdb1 Ra8 32. Bd1 Ne8 33. Kf2 Nc7 34. h4 Ne6 35. Bc2 Nc5 36. Ke2 Nb3 37. Ra3 Rxa5 38. Rxa5 Nxa5 39. g4 fxg4 40. fxg4 g5 41. hxg5 hxg5 42. Rf1 Nb3 43. Rf5 Nc5 44. Rxg5 Ba4 45. Bxa4+ Nxa4 46. Kd2 b5 47. Rf5 Nc5 48. g5 Ne4+ 49. Kc2 Kd6 50. g6 Ke6 51. Rf4 Nf6 52. Kb2 Nh5 53. Rf2 Ng7 54. Ka3 Ke5 55. Rf7 Nh5 56. g7 Nxg7 57. Rxg7 Ke4 58. Re7+ Kd3 59. Kb4 1-0

[Event "CAN-op U1800"]
[Site "Sault Ste Marie CAN"]
[Date "2017.07.13"]
[Round "6.41"]
[White "Wang, Kai"]
[Black "Supsup, Ferdinand"]
[Result "0-1"]
[WhiteElo "1679"]
[BlackElo "1739"]
[WhiteFideId "-1"]
[WhiteFideId "-1"]
[PlyCount "146"]
[GameId "2160767908344157"]
[EventDate "2017.07.08"]
[EventType "swiss"]
[EventRounds "9"]
[EventCountry "CAN"]
[SourceTitle "EXT 2022"]
[Source "ChessBase"]
[SourceDate "2021.10.06"]
[SourceVersion "1"]
[SourceVersionDate "2021.10.06"]
[SourceQuality "1"]

1. e4 c5 2. Be2 g6 3. d3 Bg7 4. f4 d5 5. Nd2 Nc6 6. Ngf3 Nh6 7. h3 O-O 8. O-O e5 9. fxe5 Nxe5 10. Nxe5 Bxe5 11. Nf3 Bg7 12. e5 Qc7 13. Qe1 Nf5 14. Bf4 Qb6 15. Qc1 Re8 16. g4 Nd4 17. Nxd4 cxd4 18. Bf3 Be6 19. Re1 Rac8 20. Bg5 Qc5 21. Re2 Bd7 22. Qf4 Re6 23. Rf2 Bxe5 24. Qd2 Rce8 25. Bg2 Bg3 26. Raf1 Bxf2+ 27. Qxf2 f5 28. gxf5 Re2 29. Qg3 R2e3 30. Bxe3 dxe3 31. Re1 Bxf5 32. Re2 d4 33. Bxb7 Qb6 34. Bd5+ Kg7 35. b3 Qc5 36. Bc4 Re5 37. h4 h5 38. Qg2 Bg4 39. Re1 Qb4 40. Qg3 Re7 41. a4 Qa5 42. Bb5 e2 43. Kf2 Rf7+ 44. Kg2 Kh7 45. Be8 Rf3 46. Qd6 Qxe1 47. Bxg6+ Kg7 48. Qe7+ Kxg6 49. Qg5+ Kf7 50. Qd5+ Ke7 51. Qe5+ Be6 52. Qc5+ Kd8 53. Qd6+ Bd7 54. Qb8+ Ke7 55. Qe5+ Be6 56. Qc5+ Ke8 57. Qc6+ Bd7 58. Qa8+ Ke7 59. Qe4+ Kd8 60. Qa8+ Bc8 61. Qd5+ Kc7 62. Qc5+ Kd8 63. Qxd4+ Bd7 64. Qh8+ Ke7 65. Qe5+ Be6 66. Qc5+ Kd8 67. Qd6+ Bd7 68. Qb8+ Ke7 69. Qe5+ Kf8 70. Qd6+ Kg7 71. Qxd7+ Rf7 72. Qd4+ Kg8 73. Qd8+ Kh7 0-1

[Event "CAN-op U1800"]
[Site "Sault Ste Marie CAN"]
[Date "2017.07.13"]
[Round "6.42"]
[White "Kuttner, Amos"]
[Black "Orozco, Joey"]
[Result "1/2-1/2"]
[WhiteElo "1706"]
[BlackElo "1740"]
[WhiteFideId "-1"]
[WhiteFideId "-1"]
[PlyCount "83"]
[GameId "2160767908344158"]
[EventDate "2017.07.08"]
[EventType "swiss"]
[EventRounds "9"]
[EventCountry "CAN"]
[SourceTitle "hb 2017"]

1. e4 e6 2. d4 d5 3. e5 c5 4. c3 Qb6 5. Nf3 Nc6 6. Be2 Nh6 7. Na3 cxd4 8. cxd4 Bxa3 9. bxa3 Nf5 10. Be3 Qa5+ 11. Qd2 Nxe3 12. fxe3 Qxa3 13. O-O Qb4 14. Qc2 Qa3 15. Qd2 h6 16. Ne1 Qe7 17. Nd3 O-O 18. Nf4 Bd7 19. Nh5 Qb4 20. Qd3 Qc4 21. Qxc4 dxc4 22. Bxc4 Na5 23. Bd3 Rac8 24. Rac1 Rxc1 25. Rxc1 Rc8 26. Rxc8+ Bxc8 27. Ng3 f5 28. Ne2 Bd7 29. Kf2 Kf7 30. Nc3 a6 31. h3 Nc6 32. g4 Nb4 33. Be2 Nc6 34. Bf3 Na5 35. a4 g6 36. gxf5 gxf5 37. e4 fxe4 38. Bxe4 Bc6 39. Bxc6 Nxc6 40. Ke3 b6 41. Ke4 Nb4 42. Kf4 1/2-1/2

[Event "CAN-op U1800"]
[Site "Sault Ste Marie CAN"]
[Date "2017.07.13"]
[Round "6.43"]
[White "Zhao, Jeffrey Renfei"]
[Black "Piche, Jeremie"]
[Result "1-0"]
[WhiteElo "1525"]
[BlackElo "1686"]
[WhiteFideId "-1"]
[WhiteFideId "-1"]
[PlyCount "57"]
[GameId "2160767908344159"]
[EventDate "2017.07.08"]
[EventType "swiss"]
[EventRounds "9"]
[EventCountry "CAN"]
[SourceTitle "hb 2017"]

1. e4 c5 2. Nf3 d6 3. d4 cxd4 4. Nxd4 Nf6 5. Nc3 a6 6. Be3 Nbd7 7. Be2 e5 8. Nb3 b5 9. f3 Be7 10. Qd2 O-O 11. O-O-O Bb7 12. g4 b4 13. Nd5 Nxd5 14. exd5 a5 15. Kb1 Nb6 16. Bxb6 Qxb6 17. Nc1 Rfc8 18. f4 Rc5 19. Qe3 Qc7 20. fxe5 Rxc2 21. Qe4 Rc8 22. Bd3 Rxb2+ 23. Kxb2 Qc3+ 24. Kb1 g6 25. Ne2 Qa3 26. Rd2 f5 27. gxf5 gxf5 28. Rg1+ Kh8 29. Qxf5 1-0

[Event "CAN-op U1800"]
[Site "Sault Ste Marie CAN"]
[Date "2017.07.13"]
[Round "6.44"]
[White "Bui, Alan"]
[Black "Essery, Richard"]
[Result "1-0"]
[WhiteElo "1716"]
[BlackElo "1630"]
[WhiteFideId "-1"]
[WhiteFideId "-1"]
[PlyCount "41"]
[GameId "2160767908344160"]
[EventDate "2017.07.08"]
[EventType "swiss"]
[EventRounds "9"]
[EventCountry "CAN"]
[SourceTitle "hb 2017"]

1. d4 e5 2. dxe5 Nc6 3. Nf3 Qe7 4. Nc3 Nxe5 5. e4 Nxf3+ 6. Qxf3 d6 7. Nd5 Qd8 8. Bc4 Be6 9. O-O h6 10. Bf4 Qd7 11. h3 Ne7 12. Rad1 O-O-O 13. Qa3 Nc6 14. Bb5 Kb8 15. Be3 b6 16. Qa4 Bxh3 17. Bxc6 Qg4 18. Nf4 Bxg2 19. Nxg2 a5 20. Qb5 Ka7 21. Qxa5+ 1-0

[Event "CAN-op U1800"]
[Site "Sault Ste Marie CAN"]
[Date "2017.07.13"]
[Round "6.45"]
[White "Konovalenko, Nicholas"]
[Black "Huang, Youhe"]
[Result "0-1"]
[WhiteElo "1706"]
[BlackElo "1448"]
[WhiteFideId "-1"]
[WhiteFideId "-1"]
[PlyCount "54"]
[GameId "2160767908344161"]
[EventDate "2017.07.08"]
[EventType "swiss"]
[EventRounds "9"]
[EventCountry "CAN"]
[SourceTitle "hb 2017"]

1. d4 Nf6 2. c4 g6 3. Nc3 Bg7 4. e4 d6 5. Be2 Nc6 6. Be3 e5 7. d5 Ne7 8. g4 O-O 9. g5 Nd7 10. h4 f5 11. gxf6 Nxf6 12. h5 Qe8 13. hxg6 Qxg6 14. Nh3 Ng4 15. Bd2 Nxf2 16. Nxf2 Qg3 17. Rf1 Bh3 18. Qc2 Bxf1 19. O-O-O Bxe2 20. Nxe2 Qxf2 21. Be1 Qe3+ 22. Kb1 Rf1 23. a3 Ng6 24. Ka2 Raf8 25. Bc3 Rxd1 26. Qxd1 Rf2 27. Nc1 Qxc3 0-1

[Event "CAN-op U1800"]
[Site "Sault Ste Marie CAN"]
[Date "2017.07.13"]
[Round "6.46"]
[White "Dagan, Alfred"]
[Black "Jones, Avery"]
[Result "1-0"]
[WhiteElo "1727"]
[BlackElo "1392"]
[WhiteFideId "-1"]
[WhiteFideId "-1"]
[PlyCount "91"]
[GameId "2160767908344162"]
[EventDate "2017.07.08"]
[EventType "swiss"]
[EventRounds "9"]
[EventCountry "CAN"]
[SourceTitle "hb 2017"]

1. e4 c6 2. d4 d5 3. Nc3 dxe4 4. Nxe4 Bf5 5. Ng3 Bg6 6. Nf3 h6 7. c3 Nf6 8. Bc4 Nd5 9. O-O e6 10. Bd3 Bxd3 11. Qxd3 Be7 12. Re1 Nd7 13. h3 N7f6 14. c4 Nb6 15. Be3 Nbd7 16. Rad1 Kf8 17. Qb3 Qb6 18. Qc2 Qc7 19. Re2 Rc8 20. Qd2 a6 21. Bf4 Qd8 22. Rde1 a5 23. a3 Ra8 24. Qc2 a4 25. Ne5 Nxe5 26. Bxe5 Bd6 27. Re3 Bxe5 28. dxe5 Nh7 29. Ne4 Qc7 30. Nd6 Ke7 31. h4 g6 32. Rf3 Rhf8 33. Qd2 g5 34. Qc2 f5 35. exf6+ Nxf6 36. Nf5+ Kd7 37. Qd3+ Kc8 38. Nd6+ Kb8 39. Rxe6 Ra6 40. Rexf6 Rxf6 41. Rxf6 Qa5 42. Qe3 c5 43. Qe8+ Ka7 44. Nc8+ Ka8 45. Nb6+ Ka7 46. Qa8# 1-0

[Event "CAN-op U1800"]
[Site "Sault Ste Marie CAN"]
[Date "2017.07.13"]
[Round "6.47"]
[White "Kilroy, Evan"]
[Black "Xie, Austin"]
[Result "1/2-1/2"]
[WhiteElo "1592"]
[BlackElo "1348"]
[WhiteFideId "-1"]
[WhiteFideId "-1"]
[PlyCount "74"]
[GameId "2160767908344163"]
[EventDate "2017.07.08"]
[EventType "swiss"]
[EventRounds "9"]
[EventCountry "CAN"]
[SourceTitle "hb 2017"]

1. e4 e6 2. d4 d5 3. exd5 exd5 4. Bd3 Bd6 5. Nf3 Nf6 6. O-O O-O 7. Bg5 Bg4 8. Nbd2 Nbd7 9. c3 c5 10. Qc2 h6 11. Bh4 Qc7 12. Bg3 Bxg3 13. fxg3 Rfe8 14. Rae1 Rxe1 15. Rxe1 Re8 16. Rxe8+ Nxe8 17. Nh4 Ndf6 18. Nf5 Nd6 19. Nxd6 Qxd6 20. Bf5 Qe7 21. Kf2 Qe2+ 22. Kg1 Qe1+ 23. Nf1 Be2 24. Qb1 Qxb1 25. Bxb1 Ne4 26. Bxe4 dxe4 27. Nd2 f5 28. Kf2 Bh5 29. Nc4 b5 30. Nd6 Bg6 31. Nc8 Be8 32. Ne7+ Kf7 33. Nxf5 Bd7 34. Nd6+ Ke6 35. Nxe4 Kd5 36. Ke3 Bf5 37. Nd2 c4 1/2-1/2

[Event "CAN-op U1800"]
[Site "Sault Ste Marie CAN"]
[Date "2017.07.13"]
[Round "6.48"]
[White "Clarke, Brian"]
[Black "Sharma, Vishruth"]
[Result "0-1"]
[WhiteElo "1690"]
[BlackElo "1719"]
[WhiteFideId "-1"]
[WhiteFideId "-1"]
[PlyCount "74"]
[GameId "2160767908344164"]
[EventDate "2017.07.08"]
[EventType "swiss"]
[EventRounds "9"]
[EventCountry "CAN"]
[SourceTitle "hb 2017"]

1. d4 Nf6 2. Bf4 g6 3. Nc3 Bg7 4. Qd2 O-O 5. Bh6 d6 6. Nf3 Re8 7. Bxg7 Kxg7 8. O-O-O Nbd7 9. e4 e5 10. dxe5 Nxe5 11. h3 a6 12. Be2 b5 13. Qf4 Qe7 14. g4 Nxf3 15. Bxf3 Bb7 16. g5 Nd7 17. h4 Qe5 18. Qg4 Nc5 19. h5 b4 20. Nd5 Na4 21. hxg6 Qxb2+ 22. Kd2 hxg6 23. Nf6 Rh8 24. Rxh8 Rxh8 25. Rh1 Qc3+ 26. Ke2 Qxc2+ 27. Ke3 Rxh1 28. Bxh1 Qc1+ 29. Ke2 Nc3+ 30. Kd3 Qxh1 31. Qd7 Bxe4+ 32. Kc4 Qf1+ 33. Kxb4 Nxa2+ 34. Ka5 Qe1+ 35. Kxa6 Nb4+ 36. Ka5 Nc6+ 37. Ka4 Qb4# 0-1

[Event "CAN-op U1800"]
[Site "Sault Ste Marie CAN"]
[Date "2017.07.13"]
[Round "6.49"]
[White "Sztuka, Jeremy"]
[Black "Makarczyk, David"]
[Result "0-1"]
[WhiteElo "1526"]
[BlackElo "1414"]
[WhiteFideId "-1"]
[WhiteFideId "-1"]
[PlyCount "78"]
[GameId "2160767908344165"]
[EventDate "2017.07.08"]
[EventType "swiss"]
[EventRounds "9"]
[EventCountry "CAN"]
[SourceTitle "hb 2017"]

1. b3 d5 2. Bb2 Nc6 3. e3 e5 4. Bb5 Bd6 5. f4 f6 6. Bxc6+ bxc6 7. fxe5 fxe5 8. Bxe5 Nf6 9. Bxd6 Qxd6 10. Nf3 Bg4 11. O-O O-O 12. Nc3 Ne4 13. Qe1 Bxf3 14. Rxf3 Rxf3 15. gxf3 Qg6+ 16. Kh1 Nxc3 17. dxc3 Qxc2 18. Qd1 Qf2 19. f4 Re8 20. Qg1 Qxe3 21. Qxe3 Rxe3 22. Kg2 Rxc3 23. h4 Kf7 24. Rf1 c5 25. Kf2 c4 26. Rd1 c6 27. b4 a6 28. Ke2 Rc2+ 29. Rd2 Rxd2+ 30. Kxd2 Kf6 31. a4 Kf5 32. Ke3 c3 33. Kd3 Kxf4 34. Kxc3 Ke4 35. h5 g5 36. hxg6 hxg6 37. b5 cxb5 38. axb5 axb5 39. Kb4 d4 0-1

[Event "CAN-op U1800"]
[Site "Sault Ste Marie CAN"]
[Date "2017.07.13"]
[Round "6.50"]
[White "Vo, Andy"]
[Black "MacInnis, Jamie"]
[Result "0-1"]
[WhiteElo "1512"]
[BlackElo "1691"]
[WhiteFideId "-1"]
[WhiteFideId "-1"]
[PlyCount "144"]
[GameId "2160767908344166"]
[EventDate "2017.07.08"]
[EventType "swiss"]
[EventRounds "9"]
[EventCountry "CAN"]
[SourceTitle "hb 2017"]

1. e4 c5 2. Nf3 d6 3. d4 cxd4 4. Nxd4 Nf6 5. Nc3 g6 6. Be3 Bg7 7. f3 Nc6 8. Qd2 O-O 9. g4 Ne5 10. O-O-O Bd7 11. h4 h5 12. g5 Ne8 13. Be2 Rc8 14. Kb1 Nc4 15. Bxc4 Rxc4 16. f4 Kh7 17. f5 Qa5 18. Nd5 Qxd2 19. Rxd2 e6 20. fxg6+ fxg6 21. Nc3 Be5 22. Nde2 Bc6 23. Bd4 Bxd4 24. Rxd4 Rxd4 25. Nxd4 Bd7 26. Rd1 a6 27. Nb3 Rf4 28. Rh1 Bc6 29. Na5 d5 30. exd5 exd5 31. Nxc6 bxc6 32. b3 Nd6 33. Re1 Nf5 34. Re6 Nd4 35. Re7+ Kg8 36. Ra7 Rxh4 37. Rxa6 Kf7 38. Ra7+ Ke6 39. a4 Rh3 40. Na2 Rh1+ 41. Kb2 h4 42. a5 Nb5 43. Rh7 h3 44. c4 Rh2+ 45. Ka1 dxc4 46. bxc4 Nd6 47. Nc1 Nxc4 48. a6 Nb6 49. Rh6 Rg2 50. Rh7 Rxg5 51. Rxh3 Ra5+ 52. Kb2 Rxa6 53. Rb3 Nd5 54. Rg3 Kf5 55. Rh3 Ra4 56. Rh8 Kg4 57. Rg8 g5 58. Nd3 Nb4 59. Nxb4 Rxb4+ 60. Kc3 Re4 61. Kd3 Re6 62. Kd4 Kf4 63. Rf8+ Kg3 64. Kd3 g4 65. Rg8 Kf3 66. Rf8+ Kg2 67. Rg8 g3 68. Rg7 Kf2 69. Rf7+ Kg2 70. Rg7 c5 71. Kc4 Re3 72. Rh7 Kf2 0-1

[Event "CAN-op U1800"]
[Site "Sault Ste Marie CAN"]
[Date "2017.07.13"]
[Round "6.51"]
[White "Jacobs, Michael"]
[Black "Piche, Zachary"]
[Result "1-0"]
[WhiteElo "1603"]
[BlackElo "1456"]
[WhiteFideId "-1"]
[WhiteFideId "-1"]
[PlyCount "41"]
[GameId "2160767908344167"]
[EventDate "2017.07.08"]
[EventType "swiss"]
[EventRounds "9"]
[EventCountry "CAN"]
[SourceTitle "hb 2017"]

1. e4 c5 2. Nc3 d6 3. f4 Nf6 4. Nf3 g6 5. Bb5+ Bd7 6. Bxd7+ Qxd7 7. d3 Bg7 8. O-O Nc6 9. Bd2 O-O 10. Ne2 Rab8 11. Ng3 b5 12. Qc1 e6 13. e5 dxe5 14. fxe5 Nd5 15. Bh6 Qc7 16. c4 Bxh6 17. Qxh6 bxc4 18. Ng5 Rfd8 19. Qxh7+ Kf8 20. Rxf7+ Ke8 21. Qg8# 1-0

[Event "CAN-op U1800"]
[Site "Sault Ste Marie CAN"]
[Date "2017.07.14"]
[Round "7.33"]
[White "Orozco, Joey"]
[Black "Itkin, Victor"]
[Result "1-0"]
[WhiteElo "1740"]
[BlackElo "1761"]
[WhiteFideId "-1"]
[WhiteFideId "-1"]
[PlyCount "104"]
[GameId "2160767908344168"]
[EventDate "2017.07.08"]
[EventType "swiss"]
[EventRounds "9"]
[EventCountry "CAN"]
[SourceTitle "hb 2017"]

1. c4 e5 2. Nc3 Nf6 3. a3 g6 4. e4 d6 5. Nge2 Nc6 6. d3 a5 7. f3 Bg7 8. Be3 O-O 9. Qd2 Ne8 10. Nb5 Ne7 11. d4 f5 12. dxe5 Bxe5 13. f4 Bg7 14. e5 Be6 15. Ned4 Qd7 16. Nxe6 Qxe6 17. exd6 cxd6 18. O-O-O a4 19. Kb1 Nc6 20. Qd5 Rf6 21. g3 Kh8 22. Qxe6 Rxe6 23. Bb6 Nd8 24. Bd3 Nf7 25. Rhe1 Rxe1 26. Rxe1 Bf6 27. Re6 Kg7 28. Be2 Ra6 29. Bf2 Kf8 30. Rxe8+ Kxe8 31. Nc7+ Kd7 32. Nxa6 bxa6 33. Bd1 g5 34. Bxa4+ Kc7 35. Be8 Nd8 36. Be3 h6 37. Bg6 d5 38. cxd5 Kd6 39. Bxf5 Kxd5 40. fxg5 hxg5 41. Bc8 a5 42. Bd2 a4 43. Bd7 Nc6 44. Bxc6+ Kxc6 45. Bc3 Be7 46. Kc2 Kd5 47. Kd3 Bd6 48. h4 g4 49. h5 Bf8 50. Bd2 Bg7 51. h6 Bxb2 52. h7 Ke6 1-0